Política y políticas públicas en los procesos de reforma de América Latina /

Estudio que analiza por un lado, las cuestiones teóricas sobre la relación entre política y políticas públicas, y por otro, las causas del por qué los países latinoamericanos obtuvieron resultados diferentes frente a la adopción de políticas públicas similares, en la década de los noventa.

Gespeichert in:
Bibliographische Detailangaben
1. Verfasser: Franco, Rolando (coord.)
Weitere Verfasser: Lanzaro, Jorge (coordinación) (coordinación), Valenti Nigrini, Giovanna (presentación) (presentación), Machinea, José Luis (presentación) (presentación)
Format: Buch
Sprache:Spanisch
Veröffentlicht: México : Madrid, España : ONU, Comisión Económica para América Latina y el Caribe : Facultad Latinoamericana de Ciencias Sociales ; Miño y Dávila, 2006, c2006
Schlagworte:
Tags: Tag hinzufügen
Keine Tags, Fügen Sie das erste Tag hinzu!

MARC

LEADER 00000nam^a2200000^a^4500
001 000195030
005 20250521000000.0
009 20260310102739.096
020 |a 84-96571-15-7 
037 |a Acervo ITESO - Biblioteca 
041 |a ESP 
082 |a 320. 980033  |b FRA 
100 |a Franco, Rolando  |e (coord.) 
245 1 0 |a Política y políticas públicas en los procesos de reforma de América Latina /  |c Coord. de R. Franco, J. Lanzaro ; presen. de G. Valenti Nigrini, J.L. Machinea. 
264 4 |a México :  |b ONU, Comisión Económica para América Latina y el Caribe :  |b Facultad Latinoamericana de Ciencias Sociales ;  |a Madrid, España :  |b Miño y Dávila,  |c 2006, c2006 
300 |a 448 p. 
336 |a texto  |b txt  |2 rdacontenido 
337 |a sin mediación  |b n  |2 rdamedio 
338 |a volumen  |b nc  |2 rdasoporte 
520 |a Estudio que analiza por un lado, las cuestiones teóricas sobre la relación entre política y políticas públicas, y por otro, las causas del por qué los países latinoamericanos obtuvieron resultados diferentes frente a la adopción de políticas públicas similares, en la década de los noventa. 
649 |a XX 
650 |a Reforma Social -  |z Latinoamérica 
650 |a Reforma Educativa -  |z Latinoamérica 
650 |a Reforma Política -  |z Latinoamérica 
650 |a Reforma Económica -  |z Latinoamérica 
650 |a Política Social -  |z Latinoamérica 
650 |a Política Económica -  |z Latinoamérica 
650 |a Políticas Públicas -  |z Latinoamérica -  |x Tema Principal 
650 |a Sistema Político -  |z Latinoamérica 
650 |a Economía Política -  |z Latinoamérica 
650 |a Globalización 
650 |a Política -  |z Latinoamérica -  |x Historia -  |y 1990-1999  |x Tema Principal 
650 |a Política -  |z Latinoamérica -  |x Historia -  |y Siglo XX 
650 |a Latinoamérica -  |x Condiciones Sociales y Culturales 
650 |a Latinoamérica -  |x Condiciones Económicas 
650 |a Latinoamérica -  |x Condiciones Políticas 
700 |a Lanzaro, Jorge  |e (coordinación) 
700 |a Valenti Nigrini, Giovanna  |e (presentación) 
700 |a Machinea, José Luis  |e (presentación) 
910 |a Fondo General 
920 |a Impresos - Libros 
930 |a Colección General 
905 |a 101 
901 |a 0500140570  |b IT1  |c ACC  |u 20250521 
902 |a https://opac.biblio.iteso.mx/vufind/Record/000195030